Missing Word: #1 Hits of 1991 Quiz Stats

 Plays Quiz Updated Oct 23, 2013

Support Sporcle.
Go Orange.
Score 0/16 Timer 03:00
0 Plays Today
#1 Hit Song Missing Word % Correct
_____ VibrationsGood
96.8%
When a Man _____ a WomanLoves
92.1%
(_____ I Do) I Do It for YouEverything
82.6%
_____ More TryOne
78.4%
I've Been _____ About YouThinking
55.9%
More Than _____Words
54.7%
Gonna Make You _____ (Everybody Dance Now)Sweat
53.3%
Love Will _____ Do (Without You)Never
52.3%
#1 Hit Song Missing Word % Correct
All the _____ That I NeedMan
48.2%
The Promise of a New _____Day
47.3%
Coming Out of the _____Dark
38.5%
_____ My LoveJustify
36.2%
I Don't Wanna _____Cry
34.4%
The _____ TimeFirst
26.8%
Set _____ on Memory BlissAdrift
25.3%
I _____ Mi AmorAdore
22.9%

Today's Daily Dose

Word Ladder
ING Words

Get the Picture
Nearest Volcano

From the Vault

Disney Dog Owner Match-Up

by triviahappy

Movies 4m
All of these dogs are extremely jealous that Goofy doesn't need an owner.
Remove Ads.
Support Sporcle.
Get the best of Sporcle when you Go Orange. This ad-free experience offers more features, more stats, and more fun while also helping to support Sporcle. Thank you for becoming a member.

Show Comments

Extras

Top Quizzes Today


Score Distribution

Your Account Isn't Verified!

In order to create a playlist on Sporcle, you need to verify the email address you used during registration. Go to your Sporcle Settings to finish the process.

Report this User

Report this user for behavior that violates our Community Guidelines.

Details: